[Event "Online Olym Div2 B 2020"]
[Site "chess.com INT"]
[Date "2020.08.14"]
[Round "2.5"]
[Board "4"]
[White "Sandu, Mihaela"]
[Black "Liu, Yang Hazel"]
[Result "0-1"]
[WhiteTitle "WGM"]
[BlackTitle "WFM"]
[WhiteElo "2268"]
[BlackElo "2046"]
[WhiteTeam "Romania"]
[BlackTeam "Singapore"]
[WhiteFideId "1204327"]
[BlackFideId "5800919"]
[EventDate "2020.08.14"]
[EventType "team"]

1. e4 c5 2. Nf3 Nc6 3. d4 cxd4 4. Nxd4 Nf6 5. Nc3 e5 6. Ndb5 d6 7. Bg5 a6 8. Na3
b5 9. Nd5 Be7 10. Bxf6 Bxf6 11. c3 Bg5 12. Nc2 Ne7 13. Ncb4 O-O 14. Be2 a5 15.
Nxe7+ Qxe7 16. Nd5 Qb7 17. Qd3 Rb8 18. O-O Be6 19. Rfd1 Kh8 20. a3 f5 21. Bf3
Qa7 22. Rf1 f4 23. b4 Bd8 24. h3 g5 25. a4 bxa4 26. Rxa4 Qd7 27. Rfa1 g4 28.
hxg4 axb4 29. cxb4 Rg8 30. Ra7 Rb7 31. Rxb7 Qxb7 32. b5 Bxg4 33. Bxg4 Rxg4 34.
Qh3 Rg8 35. b6 Bxb6 36. Nf6 Rf8 37. Qh6 Qg7 38. Qxg7+ Kxg7 39. Nd7 Bd4 40. Ra6
Rc8 41. Rxd6 Rc1+ 42. Kh2 Bxf2 43. g4 fxg3+ 44. Kg2 Rc2 45. Kf3 Rc3+ 46. Kg2 Rc2
47. Kf3 g2 48. Rd1 g1=Q 49. Rxg1+ Bxg1 50. Nxe5 Bd4 51. Ng4 h5 0-1

[Event "Online Olym Div2 B 2020"]
[Site "chess.com INT"]
[Date "2020.08.14"]
[Round "2.5"]
[Board "5"]
[White "Lee, Qing Aun"]
[Black "Deac, Bogdan-Daniel"]
[Result "0-1"]
[WhiteTitle "FM"]
[BlackTitle "GM"]
[WhiteElo "2262"]
[BlackElo "2625"]
[WhiteTeam "Singapore"]
[BlackTeam "Romania"]
[WhiteFideId "5804167"]
[BlackFideId "1226380"]
[EventDate "2020.08.14"]
[EventType "team"]

1. e4 c5 2. Nf3 d6 3. d4 cxd4 4. Nxd4 Nf6 5. Nc3 a6 6. Bg5 Nbd7 7. f4 Qc7 8. Qf3
h6 9. Bxf6 Nxf6 10. f5 Qc5 11. O-O-O g5 12. fxg6 Bg4 13. gxf7+ Kxf7 14. Qd3 Bxd1
15. Nxd1 Bg7 16. Qb3+ d5 17. Nf5 Nxe4 18. Bd3 Nf6 19. Re1 Rhe8 20. Qxb7 Ra7 21.
Qb3 e6 22. Nh4 Ne4 23. Bxe4 dxe4 24. Rxe4 Rd7 25. Nf3 Qc6 26. Re1 Qd6 27. Qe3
Kg8 28. Nf2 Qb4 29. c3 Qa4 30. Kb1 Rd5 31. Nd3 Ra5 32. Nb4 Qb5 33. Nd4 Qh5 34.
Nf3 Qg6+ 35. Ka1 Rb5 36. Nd3 e5 37. g3 e4 38. Nd2 Rbb8 39. Nf4 Qb6 40. Qxb6 Rxb6
41. Rxe4 Rd8 42. Nb1 Rd1 43. a3 Bxc3 44. Re8+ Kf7 45. Re2 Bf6 46. Ka2 a5 47. Rf2
Kg8 48. Nh5 Bd4 49. Rc2 Kf7 50. Nf4 a4 51. Re2 Re1 52. Rc2 Rc1 53. Re2 Rb3 54.
Nd5 Re1 55. Rd2 Rd1 56. Rc2 Rxb2+ 57. Rxb2 Bxb2 58. Kxb2 Rxd5 59. Kc2 Rd4 60.
Nc3 Ke6 61. Ne2 Re4 62. Kd3 Ke5 63. Nc3 Rd4+ 64. Ke3 Rg4 65. Kd3 Rd4+ 66. Ke3
Rg4 67. Kd3 h5 68. Ke3 Rd4 69. Ne2 Re4+ 70. Kd3 Rg4 71. Nc3 Ke6 72. Ke3 Kd7 73.
Ne4 Kc6 74. Nf6 Rc4 75. Kd3 Rc5 76. Ne4 Rb5 77. Nd2 Kd5 78. Kc3 Rb8 79. Kd3 Rb2
80. Kc3 Ra2 81. Nc4 Rxh2 82. Nb6+ Ke4 83. Nxa4 Rg2 84. Nc5+ Kd5 85. Nd3 Rxg3 86.
Kd2 Ke4 87. Nf2+ Kf3 88. Nd3 h4 89. Ne5+ Kg2 90. Ke2 h3 91. Nd3 Rxd3 0-1

[Event "Online Olym Div2 B 2020"]
[Site "chess.com INT"]
[Date "2020.08.14"]
[Round "2.5"]
[Board "6"]
[White "Bucur, Denisa-Andreea"]
[Black "Mak, Xiu Ning Charlene"]
[Result "1-0"]
[WhiteElo "2063"]
[BlackElo "1667"]
[WhiteTeam "Romania"]
[BlackTeam "Singapore"]
[WhiteFideId "1238019"]
[BlackFideId "5820332"]
[EventDate "2020.08.14"]
[EventType "team"]

1. d4 Nf6 2. Nf3 g6 3. c4 Bg7 4. g3 d6 5. Bg2 O-O 6. O-O c6 7. Nc3 Qa5 8. Bd2
Qh5 9. Qb3 Nbd7 10. Ng5 h6 11. Bf3 Ng4 12. h3 hxg5 13. Bxg4 Qh8 14. Bxg5 Re8 15.
Kg2 Bxd4 16. Rac1 Bg7 17. Qc2 Ne5 18. Bxc8 Raxc8 19. b3 Nd7 20. Ne4 Nb6 21. h4
d5 22. Nc5 Rc7 23. Rh1 Nd7 24. Nd3 dxc4 25. Qxc4 Bf6 26. Qg4 Bxg5 27. hxg5 Qg7
28. Rh6 f6 29. Qe6+ Kf8 30. Rch1 Qg8 31. Rh8 Kg7 32. Rxg8+ Rxg8 33. Qxe7# 1-0

[Event "Online Olym Div2 B 2020"]
[Site "chess.com INT"]
[Date "2020.08.14"]
[Round "3.1"]
[Board "1"]
[White "Lupulescu, Constantin"]
[Black "Mastrovasilis, Dimitrios"]
[Result "1/2-1/2"]
[WhiteTitle "GM"]
[BlackTitle "GM"]
[WhiteElo "2656"]
[BlackElo "2604"]
[WhiteTeam "Romania"]
[BlackTeam "Greece"]
[WhiteFideId "1207822"]
[BlackFideId "4202694"]
[EventDate "2020.08.14"]
[EventType "team"]

1. Nf3 d5 2. e3 Nf6 3. c4 c6 4. d4 Bg4 5. h3 Bxf3 6. Qxf3 e6 7. Nc3 Bd6 8. Bd3
Qe7 9. Bd2 Nbd7 10. cxd5 exd5 11. g4 Bb4 12. O-O-O O-O-O 13. Kb1 Nb6 14. a3 Bxc3
15. Bxc3 Kb8 16. Bb4 Qe6 17. Qe2 h5 18. f3 hxg4 19. hxg4 Ka8 20. Bf5 Qe8 21. g5
Nh5 22. Bd3 g6 23. Qf2 Qd7 24. Rh4 Ng7 25. Rdh1 Rxh4 26. Rxh4 Ne6 27. Qg3 Nc4
28. Bxc4 dxc4 29. Qe5 b6 30. Bc3 Qd5 31. f4 Qf3 32. Rh8 Qd1+ 33. Ka2 Qb3+ 34.
Ka1 Qd1+ 35. Ka2 Rxh8 36. Qxh8+ Kb7 37. Qf6 Qb3+ 38. Ka1 Qd1+ 39. Ka2 Qb3+ 40.
Ka1 1/2-1/2

[Event "Online Olym Div2 B 2020"]
[Site "chess.com INT"]
[Date "2020.08.14"]
[Round "3.1"]
[Board "2"]
[White "Halkias, Stelios"]
[Black "Parligras, Mircea-Emilian"]
[Result "1/2-1/2"]
[WhiteTitle "GM"]
[BlackTitle "GM"]
[WhiteElo "2563"]
[BlackElo "2591"]
[WhiteTeam "Greece"]
[BlackTeam "Romania"]
[WhiteFideId "4201809"]
[BlackFideId "1204297"]
[EventDate "2020.08.14"]
[EventType "team"]

1. Nf3 d5 2. d4 Nf6 3. c4 e6 4. g3 Bb4+ 5. Nc3 O-O 6. Bg2 dxc4 7. a3 Bxc3+ 8.
bxc3 c5 9. O-O Qa5 10. Bg5 Ne4 11. Qc2 f5 12. Be7 Re8 13. Bxc5 Nxc5 14. dxc5
Qxc5 15. Nd4 Nc6 16. Nxc6 bxc6 17. Qa4 Rb8 18. Rab1 Bd7 19. Rfd1 Rb5 20. Rb4 Ra5
21. Qc2 Bc8 22. a4 e5 23. Qd2 Be6 24. Qg5 Qe7 25. Qxe7 Rxe7 26. Bxc6 Rc5 27. Rd6
Kf7 28. Rb8 Rc7 29. Bb5 Rd5 30. Rxd5 Bxd5 31. f4 exf4 32. gxf4 Ke7 33. Kf2 Kd6
34. Ke3 1/2-1/2

[Event "Online Olym Div2 B 2020"]
[Site "chess.com INT"]
[Date "2020.08.14"]
[Round "3.1"]
[Board "3"]
[White "Bulmaga, Irina"]
[Black "Tsolakidou, Stavroula"]
[Result "1/2-1/2"]
[WhiteTitle "IM"]
[BlackTitle "IM"]
[WhiteElo "2434"]
[BlackElo "2391"]
[WhiteTeam "Romania"]
[BlackTeam "Greece"]
[WhiteFideId "13903063"]
[BlackFideId "4264312"]
[EventDate "2020.08.14"]
[EventType "team"]

1. e4 c5 2. Nf3 d6 3. d4 cxd4 4. Nxd4 Nf6 5. Nc3 a6 6. h3 e5 7. Nb3 Be6 8. f4
Be7 9. Be3 exf4 10. Bxf4 Nc6 11. Be2 O-O 12. Qd2 d5 13. exd5 Nxd5 14. Nxd5 Bh4+
15. g3 Qxd5 16. O-O-O Qxd2+ 17. Rxd2 Be7 18. Bf3 Rac8 19. g4 a5 20. Kb1 a4 21.
Nd4 Nxd4 22. Rxd4 b5 23. a3 Bc5 24. Rd3 Bc4 25. Rd7 b4 26. Bb7 Rcd8 27. Rc7 Bd5
28. Bxd5 Rxd5 29. Rxc5 Rxc5 30. Bd6 Rc4 31. Bxf8 Kxf8 32. axb4 Rxb4 33. Re1 Rf4
34. Re3 f6 35. Ka2 Kf7 36. Ka3 Kg6 37. b3 axb3 38. cxb3 h5 39. gxh5+ Kxh5 40. b4
Rd4 41. b5 g5 42. Rf3 Rd6 43. Kb4 g4 44. hxg4+ Kxg4 45. Kc5 Re6 46. Rb3 f5 47.
b6 Re8 48. Kd6 f4 49. b7 f3 50. b8=Q Rxb8 51. Rxb8 f2 52. Rf8 Kg3 53. Ke5 Kg2
54. Rg8+ Kf3 55. Rf8+ Ke2 56. Rxf2+ Kxf2 1/2-1/2

[Event "Online Olym Div2 B 2020"]
[Site "chess.com INT"]
[Date "2020.08.14"]
[Round "3.1"]
[Board "4"]
[White "Botsari, Anna-Maria"]
[Black "Peptan, Corina-Isabela"]
[Result "1/2-1/2"]
[WhiteTitle "WGM"]
[BlackTitle "IM"]
[WhiteElo "2222"]
[BlackElo "2392"]
[WhiteTeam "Greece"]
[BlackTeam "Romania"]
[WhiteFideId "4200446"]
[BlackFideId "1201930"]
[EventDate "2020.08.14"]
[EventType "team"]

1. d4 Nf6 2. c4 e6 3. g3 c5 4. d5 exd5 5. cxd5 d6 6. Nc3 g6 7. Bg2 a6 8. a4 Bg7
9. Nf3 O-O 10. O-O Re8 11. Bf4 Nh5 12. Bg5 Qc7 13. Nd2 Nd7 14. Nc4 Nb6 15. Na3
Bd7 16. a5 Nc8 17. Nc4 b5 18. axb6 Nxb6 19. Na5 h6 20. Bd2 Bb5 21. Re1 Nf6 22.
Qb3 Qd7 23. e4 Ng4 24. Nxb5 Qxb5 25. Bc3 Qxb3 26. Nxb3 Nc4 27. Bf1 Nge5 28. Kg2
Reb8 29. Na5 Nxb2 30. Nc6 Nxc6 31. Bxg7 Kxg7 32. dxc6 c4 33. Rec1 Rb6 34. Rab1
Rc8 35. Rc2 Na4 36. Ra1 Nc5 37. Bxc4 Rbxc6 38. Bd5 R6c7 39. Ra5 Kf6 40. f4 Ke7
41. Kf3 f6 42. h4 h5 43. g4 hxg4+ 44. Kxg4 Rb8 45. e5 fxe5 46. fxe5 Rb5 47. Rxb5
axb5 48. Rb2 dxe5 49. Rxb5 Nd7 50. Kg5 Nf8 51. Be4 Kf7 52. Rb7 Ne6+ 53. Kg4 Rxb7
54. Bxb7 Kf6 55. Be4 Nc5 56. Bd5 Nd3 57. Ba8 Nf4 58. Be4 Ne6 59. h5 gxh5+ 60.
Kxh5 Nc5 61. Bc2 Ne6 62. Kg4 Ng5 63. Bb1 Nf7 64. Ba2 Nd6 65. Bd5 Nb5 66. Ba8 Nc3 1/2-1/2

[Event "Online Olym Div2 B 2020"]
[Site "chess.com INT"]
[Date "2020.08.14"]
[Round "3.1"]
[Board "5"]
[White "Deac, Bogdan-Daniel"]
[Black "Alexakis, Dimitris"]
[Result "1-0"]
[WhiteTitle "GM"]
[BlackTitle "FM"]
[WhiteElo "2625"]
[BlackElo "2450"]
[WhiteTeam "Romania"]
[BlackTeam "Greece"]
[WhiteFideId "1226380"]
[BlackFideId "4277023"]
[EventDate "2020.08.14"]
[EventType "team"]

1. e4 c5 2. Nf3 e6 3. d4 cxd4 4. Nxd4 Nc6 5. Nc3 Qc7 6. Qd3 Nf6 7. Ndb5 Qb8 8.
Qg3 d6 9. Be3 a6 10. Nd4 Bd7 11. Bd3 h5 12. f4 b5 13. h3 Nxd4 14. Bxd4 b4 15.
Nb1 Bc6 16. Nd2 Qb7 17. Qf3 Be7 18. O-O d5 19. e5 Ne4 20. Nb3 a5 21. f5 Ng5 22.
Qf4 exf5 23. Bxf5 O-O 24. Nc5 Qc7 25. Qe3 Rad8 26. e6 Ne4 27. exf7+ Rxf7 28. Be6
Rf8 29. Rxf7 Rxf7 30. Rf1 Be8 31. Nxe4 dxe4 32. Qxe4 Bd6 33. Qg6 Bf8 34. Qxh5
Qe7 35. Qd5 a4 36. b3 a3 37. c4 bxc3 38. Bxc3 Qc7 39. Be5 Qa7+ 40. Kh2 Qe7 41.
b4 Qa7 42. b5 Bc5 43. Rxf7 Bxf7 44. Bxf7+ Qxf7 45. Qxc5 1-0

[Event "Online Olym Div2 B 2020"]
[Site "chess.com INT"]
[Date "2020.08.14"]
[Round "3.1"]
[Board "6"]
[White "Avramidou, Anastasia"]
[Black "Lehaci, Miruna-Daria"]
[Result "1-0"]
[WhiteTitle "FM"]
[BlackTitle "WFM"]
[WhiteElo "2267"]
[BlackElo "2223"]
[WhiteTeam "Greece"]
[BlackTeam "Romania"]
[WhiteFideId "4239873"]
[BlackFideId "1234765"]
[EventDate "2020.08.14"]
[EventType "team"]

1. d4 Nf6 2. c4 e6 3. Nc3 Bb4 4. Nf3 c5 5. e3 O-O 6. Bd2 d5 7. a3 Bxc3 8. Bxc3
Ne4 9. Rc1 Nxc3 10. Rxc3 cxd4 11. Qxd4 Nc6 12. Qd2 dxc4 13. Bxc4 Qf6 14. O-O Rd8
15. Qc2 e5 16. Bb5 Bd7 17. Rc5 Rac8 18. Rc1 a6 19. Bxc6 Rxc6 20. Nxe5 Rxc5 21.
Qxc5 Be6 22. Qc3 h6 23. f4 Qe7 24. h3 Qd6 25. Nf3 Bd5 26. Nd4 Qg6 27. Qd2 Be4
28. Qf2 Qb6 29. Kh2 Kh7 30. Rc3 Qd6 31. Qg3 b5 32. f5 Qxg3+ 33. Kxg3 Rb8 34. b4
Bd5 35. Rc5 Bc4 36. Kf4 Ra8 37. e4 Bf1 38. g4 a5 39. Nxb5 axb4 40. axb4 Rb8 41.
Nd6 Rxb4 42. Nxf7 Bxh3 43. Rc8 g5+ 44. fxg6+ Kxg6 45. Nxh6 Kxh6 46. Rh8+ Kg7 47.
Rxh3 Kf6 48. Rc3 Ra4 49. Rc6+ Kg7 50. Kf5 Ra1 51. Rc7+ Kf8 52. e5 Rf1+ 53. Ke6
Rg1 54. Rf7+ Kg8 55. Rf4 Rg2 56. Ke7 Re2 57. e6 Kg7 58. Kd7 Rd2+ 59. Ke8 Kg6 60.
e7 Kg7 61. Rf5 Rd1 62. Rg5+ Kf6 63. Rf5+ Kg7 64. g5 Rd2 65. Rf7+ Kg8 66. Rf6 Kg7
67. Rf3 Rd1 68. g6 Rd2 69. Rf7+ Kg8 70. Rf4 Kg7 71. Rh4 Rd1 72. Rh7+ Kg8 73. Rf7
Rd2 74. g7 Rd1 75. Rf8+ Kxg7 76. Rf4 Rd2 77. Rg4+ Kh7 78. Kf7 Rf2+ 79. Ke6 1-0

[Event "Online Olym Div2 B 2020"]
[Site "chess.com INT"]
[Date "2020.08.14"]
[Round "3.2"]
[Board "1"]
[White "Ftacnik, Lubomir"]
[Black "Tin, Jingyao"]
[Result "1-0"]
[WhiteTitle "GM"]
[BlackTitle "IM"]
[WhiteElo "2510"]
[BlackElo "2464"]
[WhiteTeam "Slovakia"]
[BlackTeam "Singapore"]
[WhiteFideId "14900017"]
[BlackFideId "5804418"]
[EventDate "2020.08.14"]
[EventType "team"]

1. d4 Nf6 2. c4 e6 3. Nf3 Bb4+ 4. Nbd2 d5 5. Qa4+ Nc6 6. a3 Bd6 7. c5 Be7 8. b4
O-O 9. Qc2 a6 10. e3 Re8 11. Bb2 Bf8 12. Bd3 g6 13. O-O Bg7 14. Rad1 Qe7 15. e4
dxe4 16. Nxe4 Bd7 17. Rfe1 Rad8 18. Nc3 Qf8 19. Bc4 Ne7 20. Ne5 Bc8 21. b5 axb5
22. Bxb5 c6 23. Bf1 Nfd5 24. Ne4 Nf5 25. g3 Qe7 26. Bg2 Qc7 27. Qb3 Nf6 28. Ng5
Rf8 29. a4 Nd5 30. Ngf3 b6 31. cxb6 Nxb6 32. Rc1 Qb7 33. Nxc6 Nxa4 34. Qxa4 Qxb2
35. Rb1 Qc3 36. Rec1 Qd3 37. Nxd8 Rxd8 38. Rb8 Ne7 39. Qa5 Rf8 40. Qg5 f6 41.
Qc5 Re8 42. Ne1 Qd2 43. Bc6 Rf8 44. Nf3 Qh6 45. Re1 Nf5 46. Bb5 Qh5 47. Be2 Bd7
48. Ne5 Rxb8 49. Bxh5 fxe5 50. Qc7 Rf8 51. Qxd7 gxh5 52. Qxe6+ Kh8 53. dxe5 Nd4
54. Qd5 Nf3+ 55. Kf1 h4 56. Re3 Nxh2+ 57. Kg2 Ng4 58. Rf3 Rg8 59. e6 hxg3 60.
Rxg3 Nf6 61. Qf5 Ne8 62. e7 Nd6 63. Qe6 Ne8 64. Kh3 h6 65. f4 Kh7 66. Qg6+ Kh8
67. f5 Nf6 68. Qxf6 1-0

[Event "Online Olym Div2 B 2020"]
[Site "chess.com INT"]
[Date "2020.08.14"]
[Round "3.2"]
[Board "2"]
[White "Liu, Xiangyi"]
[Black "Repkova, Eva"]
[Result "1-0"]
[WhiteTitle "IM"]
[BlackTitle "IM"]
[WhiteElo "2377"]
[BlackElo "2300"]
[WhiteTeam "Singapore"]
[BlackTeam "Slovakia"]
[WhiteFideId "8605718"]
[BlackFideId "14900440"]
[EventDate "2020.08.14"]
[EventType "team"]

1. e4 d5 2. exd5 Qxd5 3. Nc3 Qa5 4. Bc4 Bf5 5. Nf3 Nf6 6. d4 c6 7. Bd2 e6 8. Qe2
Bb4 9. O-O O-O 10. a3 Bxc3 11. Bxc3 Qc7 12. Ba2 Nbd7 13. Bb4 Rfe8 14. c4 c5 15.
Bd2 Rad8 16. h3 Be4 17. Be3 Qc6 18. b4 Bxf3 19. Qxf3 Qxf3 20. gxf3 cxd4 21. Bxd4
Nb6 22. Rfd1 Nc8 23. Be5 Kf8 24. Bb3 Ke7 25. Bc7 Rd7 26. Rxd7+ Kxd7 27. Bb8 Rd8
28. Kf1 Ke7 29. Ke2 Rd4 30. Rc1 Rh4 31. c5 Rxh3 32. c6 b6 33. Be5 Rh5 34. Bxf6+
gxf6 35. Rd1 Re5+ 36. Kf1 Ke8 37. c7 a5 38. Rd8+ Ke7 39. Ba4 b5 40. Rxc8 Kd7 41.
Rb8 Kxc7 42. Rxb5 axb4 43. axb4 Rg5 44. Rxg5 fxg5 45. Ke2 h5 46. Be8 Kb6 47.
Bxf7 Kb5 48. Bxh5 Kxb4 49. Ke3 Kc5 50. Ke4 Kd6 51. Bg4 1-0

[Event "Online Olym Div2 B 2020"]
[Site "chess.com INT"]
[Date "2020.08.14"]
[Round "3.2"]
[Board "3"]
[White "Movsesian, Julia"]
[Black "Gong, Qianyun"]
[Result "0-1"]
[WhiteTitle "WGM"]
[BlackTitle "WGM"]
[WhiteElo "2342"]
[BlackElo "2333"]
[WhiteTeam "Slovakia"]
[BlackTeam "Singapore"]
[WhiteFideId "4139690"]
[BlackFideId "8602425"]
[EventDate "2020.08.14"]
[EventType "team"]

1. e4 c5 2. Nf3 Nc6 3. Bb5 g6 4. Bxc6 dxc6 5. d3 Bg7 6. h3 Nf6 7. Nc3 Nd7 8. Be3
e5 9. O-O b6 10. Qd2 h6 11. a4 a5 12. Nh2 Nf8 13. Ne2 Ne6 14. Rad1 Ra7 15. f4
exf4 16. Nxf4 Nxf4 17. Bxf4 Qd4+ 18. Kh1 Qxa4 19. Nf3 Be6 20. c3 g5 21. Bg3 O-O
22. h4 f6 23. Nh2 Rd7 24. Qe3 Re8 25. Qf3 Qb5 26. Rd2 Red8 27. Rfd1 Bb3 28. Ng4
Bxd1 29. Rxd1 Rxd3 30. Nxf6+ Kf7 31. Qh5+ Ke7 32. Rf1 Rxg3 33. Ng8+ Kd7 34. Qf7+
Kc8 35. Ne7+ Kb8 36. c4 Qa4 37. Qxg7 Rgd3 38. Qe5+ Ka7 39. Nd5 cxd5 40. Qc7+ Ka6
41. Qxd8 Qxc4 42. Qa8+ Kb5 43. Qe8+ Kb4 44. exd5 Rxd5 45. hxg5 Qxf1+ 0-1

[Event "Online Olym Div2 B 2020"]
[Site "chess.com INT"]
[Date "2020.08.14"]
[Round "3.2"]
[Board "4"]
[White "Liu, Yang Hazel"]
[Black "Cibickova, Zuzana"]
[Result "1/2-1/2"]
[WhiteTitle "WFM"]
[BlackTitle "WGM"]
[WhiteElo "2046"]
[BlackElo "2256"]
[WhiteTeam "Singapore"]
[BlackTeam "Slovakia"]
[WhiteFideId "5800919"]
[BlackFideId "14905779"]
[EventDate "2020.08.14"]
[EventType "team"]

1. d4 d5 2. Bf4 Nf6 3. Nc3 c5 4. e3 cxd4 5. exd4 a6 6. Nf3 Nc6 7. Be2 e6 8. O-O
Be7 9. Qd2 O-O 10. Nd1 b5 11. a3 Bd7 12. Ne3 Ne4 13. Qd1 g5 14. Bg3 f5 15. Be5
g4 16. Nd2 Nxe5 17. Nxe4 dxe4 18. dxe5 Qc7 19. Qd4 Bc5 20. Qc3 Bb6 21. Rad1 Rac8
22. Rd6 Bc5 23. Rd2 Bb6 24. Qxc7 Rxc7 25. Rfd1 Bc6 26. c3 Kf7 27. Nc2 Ke7 28.
Kf1 a5 29. Nd4 Bxd4 30. cxd4 Rfc8 31. Rc2 Bd7 32. Rxc7 Rxc7 33. Ke1 Rc2 34. Rd2
Rc1+ 35. Rd1 Rc2 36. Rd2 Rc1+ 37. Rd1 Rc2 1/2-1/2

[Event "Online Olym Div2 B 2020"]
[Site "chess.com INT"]
[Date "2020.08.14"]
[Round "3.2"]
[Board "5"]
[White "Sahidi, Samir"]
[Black "Advait, Bagri"]
[Result "1-0"]
[WhiteTitle "FM"]
[BlackTitle "CM"]
[WhiteElo "2400"]
[BlackElo "2242"]
[WhiteTeam "Slovakia"]
[BlackTeam "Singapore"]
[WhiteFideId "14936372"]
[BlackFideId "5820391"]
[EventDate "2020.08.14"]
[EventType "team"]

1. d4 d5 2. c4 c6 3. Nf3 Nf6 4. g3 Bg4 5. Bg2 e6 6. O-O Nbd7 7. Nbd2 Be7 8. b3
O-O 9. Bb2 a5 10. a3 h6 11. c5 b6 12. b4 Bf5 13. Qb3 Ne4 14. Nxe4 Bxe4 15. Bc3
Rb8 16. Qa2 Re8 17. Nd2 Bxg2 18. Kxg2 e5 19. e3 exd4 20. exd4 Bf6 21. Qc2 bxc5
22. bxc5 Re2 23. Qd3 Re6 24. a4 Ra8 25. Rab1 Qe7 26. Nf3 Re4 27. Nd2 Re2 28. Rb7
Re8 29. Nb3 Qe6 30. Nxa5 Nf8 31. Rb6 Ng6 32. Qf3 Rc8 33. Nxc6 Rc2 34. Nb4 Qxb6
35. cxb6 R2xc3 36. b7 1-0

[Event "Online Olym Div2 B 2020"]
[Site "chess.com INT"]
[Date "2020.08.14"]
[Round "3.2"]
[Board "6"]
[White "Mak, Xiu Ning Charlene"]
[Black "Slaba, Andrea"]
[Result "0-1"]
[WhiteElo "1667"]
[BlackElo "1969"]
[WhiteTeam "Singapore"]
[BlackTeam "Slovakia"]
[WhiteFideId "5820332"]
[BlackFideId "14940680"]
[EventDate "2020.08.14"]
[EventType "team"]

1. e4 e6 2. d3 d5 3. Nd2 c5 4. Ngf3 Nc6 5. g3 Nf6 6. Bg2 Be7 7. O-O O-O 8. e5
Nd7 9. Re1 f6 10. exf6 Nxf6 11. Ne5 Nxe5 12. Rxe5 Bd6 13. Re1 e5 14. c4 d4 15.
a3 a5 16. Ne4 Nxe4 17. Bxe4 Qf6 18. f3 Rb8 19. Bd2 b6 20. Qb3 Bd7 21. a4 Kh8 22.
Rf1 g5 23. Qd1 Qg7 24. b3 Rf6 25. Qe2 Rbf8 26. Qg2 Rh6 27. Qe2 Rhf6 28. Qg2 h5
29. Rae1 Rg8 30. Kh1 Qf8 31. Rf2 Qc8 32. Qf1 Qf8 33. Qg2 Qe7 34. Ref1 Be6 35.
Re1 Qd7 36. Qf1 Qf7 37. Qg2 Rg7 38. Qf1 Bc8 39. Qg2 Qd7 40. Ref1 Qe7 41. Re1 Be6
42. Qf1 Qd7 43. Qe2 Qf7 44. Qf1 g4 45. f4 exf4 46. Bxf4 Bxf4 47. Rxf4 Rxf4 48.
Qxf4 Qxf4 49. gxf4 Rf7 50. Rf1 Rf6 51. Kg2 h4 52. f5 Bf7 53. Rf4 Bh5 54. Bd5 Kg7
55. Be6 Kh6 56. Re4 Kg5 57. Re1 Bf7 58. Bd7 Bh5 59. Be6 Bf7 60. Bd7 Bg8 61. Re2
Bh7 62. Re5 Bxf5 63. Bxf5 Rxf5 64. Re6 Rf6 65. Re5+ Kg6 66. Re4 Kf5 67. Re2 Re6
68. Rf2+ Kg5 69. Rf8 Rf6 70. Rg8+ Kf4 71. Re8 h3+ 72. Kg1 Kf3 73. Re4 g3 74.
hxg3 Kxg3 75. Re8 h2+ 76. Kh1 Rf1# 0-1

[Event "Online Olym Div2 B 2020"]
[Site "chess.com INT"]
[Date "2020.08.14"]
[Round "3.3"]
[Board "1"]
[White "Kulpruethanon, Thanadon"]
[Black "Severino, Sander"]
[Result "0-1"]
[WhiteTitle "FM"]
[BlackTitle "FM"]
[WhiteElo "2282"]
[BlackElo "2364"]
[WhiteTeam "Thailand"]
[BlackTeam "IPCA"]
[WhiteFideId "6201610"]
[BlackFideId "5204100"]
[EventDate "2020.08.14"]
[EventType "team"]

1. Nf3 Nf6 2. g3 d5 3. Bg2 Bf5 4. O-O e6 5. c4 c6 6. cxd5 exd5 7. d3 Be7 8. Qb3
Qb6 9. Qc2 O-O 10. Nc3 h6 11. e4 dxe4 12. dxe4 Bh7 13. Be3 Qa5 14. a3 Na6 15. b4
Qc7 16. Rac1 Rfe8 17. Bf4 Qc8 18. Qb3 Nc7 19. Nd4 Ne6 20. Nxe6 Qxe6 21. Qxe6
fxe6 22. f3 a5 23. Rb1 axb4 24. axb4 Red8 25. Rfc1 Ra3 26. Bf1 g5 27. Bc7 Rd7
28. g4 Rxc3 29. Rxc3 Rxc7 30. b5 Nd7 31. bxc6 bxc6 32. Rcb3 Ne5 33. Rb7 Rxb7 34.
Rxb7 Kf7 35. Kg2 Kf6 36. Rc7 Bg6 37. Ba6 Be8 38. Be2 Ng6 39. Bc4 c5 40. Ra7 Ke5
41. Kf2 Kf6 42. Ke3 Bd6 43. Rh7 Bf7 44. Rxh6 Kg7 45. Rh5 Bf4+ 46. Kd3 Ne5+ 47.
Kc3 Bxh5 48. gxh5 Nxc4 49. Kxc4 Bd6 0-1

[Event "Online Olym Div2 B 2020"]
[Site "chess.com INT"]
[Date "2020.08.14"]
[Round "3.3"]
[Board "2"]
[White "Gurbanov, Andrei"]
[Black "Khumnorkaew, Tupfah"]
[Result "1-0"]
[WhiteTitle "IM"]
[WhiteElo "2298"]
[BlackElo "2099"]
[WhiteTeam "IPCA"]
[BlackTeam "Thailand"]
[WhiteFideId "13503391"]
[BlackFideId "6202071"]
[EventDate "2020.08.14"]
[EventType "team"]

1. d4 Nf6 2. Bg5 g6 3. Bxf6 exf6 4. e3 Bg7 5. h4 h5 6. Bd3 d5 7. Ne2 Nc6 8. c4
O-O 9. Nbc3 Nb4 10. cxd5 Nxd5 11. Nxd5 Qxd5 12. Nf4 Qa5+ 13. Qd2 Qxd2+ 14. Kxd2
Bh6 15. Nd5 c6 16. Nxf6+ Kg7 17. Ne4 Bf5 18. Nc5 Bxd3 19. Nxd3 Rad8 20. f4 Rfe8
21. Rac1 Kg8 22. b4 Re7 23. Rc5 Bg7 24. a4 Rde8 25. Re1 Rd7 26. b5 cxb5 27. axb5
Bf8 28. Rc4 Rd5 29. Rb1 a5 30. b6 Ra8 31. Rc7 a4 32. Rxb7 a3 33. Ne5 Rb5 34. Kc2
a2 35. Ra1 Ra3 36. Rxf7 Rxe3 37. b7 Re2+ 38. Kd3 Rxg2 39. Rxf8+ Kxf8 40. b8=Q+
Rxb8 41. Nd7+ Ke7 42. Nxb8 Kf6 43. Nc6 Kf5 44. d5 Rh2 45. Nd4+ Kf6 46. Nf3 Rf2
47. Ke3 Rb2 48. Nd4 Ke7 49. Ne2 Kd6 50. Nc3 Rb3 51. Kd3 Rb4 52. Ne4+ Kxd5 53.
Rxa2 Rd4+ 54. Ke3 Rxe4+ 55. Kf3 Re6 56. Rd2+ Kc6 57. Rd1 Re7 58. Rd2 Re6 59. Rd8
Re7 60. Rf8 1-0

[Event "Online Olym Div2 B 2020"]
[Site "chess.com INT"]
[Date "2020.08.14"]
[Round "3.3"]
[Board "3"]
[White "Promsirinimit, Pornouma"]
[Black "Aleksandrova, Aleksandra"]
[Result "1-0"]
[BlackTitle "WFM"]
[WhiteElo "1559"]
[BlackElo "1791"]
[WhiteTeam "Thailand"]
[BlackTeam "IPCA"]
[WhiteFideId "6204171"]
[BlackFideId "4144198"]
[EventDate "2020.08.14"]
[EventType "team"]

1. e4 d6 2. d4 c6 3. Nf3 Nd7 4. c4 e5 5. Nc3 Qc7 6. Bd3 Ngf6 7. O-O a5 8. Be3
Be7 9. Rc1 Qb8 10. d5 O-O 11. h3 Re8 12. Ne2 Nf8 13. Ng3 Ng6 14. Nh2 Bd7 15. f4
exf4 16. Bxf4 Nxf4 17. Rxf4 Qa7+ 18. Kh1 Qe3 19. Rf3 Qd4 20. Rc2 Bf8 21. Rd2 Qe5
22. Nf5 Bxf5 23. Rxf5 Qg3 24. Rdf2 cxd5 25. exd5 Re3 26. R5f3 Rxf3 27. Rxf3 Qe5
28. b3 Re8 29. Qc2 Nh5 30. Ng4 Ng3+ 31. Kg1 Qe1+ 32. Kh2 f5 33. Nf2 Nf1+ 34.
Bxf1 Qxf1 35. Qxf5 1-0